000 00391nam a2200157Ia 4500
008 210716s2014 xx 000 0 und d
020 _a9789350624524
041 _aeng
082 _a334.2 IYEV
100 _aIyengar, G Vijayaragavan.
245 _aInternational banking and finance.
250 _a1
260 _aNew Delhi
_bExcel Books
_c2014
300 _axiv,714
650 _aBanking
999 _c208822
_d208822